Antaranā paḍaghā. (Record no. 57119)

MARC details
000 -LEADER
fixed length control field 00528cam a22002171 4500
001 - CONTROL NUMBER
control field sa 64002030
003 - CONTROL NUMBER IDENTIFIER
control field DLC
005 - DATE AND TIME OF LATEST TRANSACTION
control field 20260227112007.0
008 - FIXED-LENGTH DATA ELEMENTS--GENERAL INFORMATION
fixed length control field 890420s1962 ii c 000 0 gujo
010 ## - LIBRARY OF CONGRESS CONTROL NUMBER
LC control number sa 64002030
035 ## - SYSTEM CONTROL NUMBER
System control number (OCoLC)19575728
040 ## - CATALOGING SOURCE
Original cataloging agency DLC
Transcribing agency WaU
Modifying agency DLC
042 ## - AUTHENTICATION CODE
Authentication code premarc
050 00 - LIBRARY OF CONGRESS CALL NUMBER
Classification number PK1850.5
Item number .P3
100 1# - MAIN ENTRY--PERSONAL NAME
Personal name Patel, Shanabhai N.
245 10 - TITLE STATEMENT
Title Antaranā paḍaghā.
260 ## - PUBLICATION, DISTRIBUTION, ETC.
Date of publication, distribution, etc. [1962]
300 ## - PHYSICAL DESCRIPTION
Extent 12, 148 p.
Other physical details port.
Dimensions 19 cm.
500 ## - GENERAL NOTE
General note In Gujarati.
650 #0 - SUBJECT ADDED ENTRY--TOPICAL TERM
Topical term or geographic name entry element Gujarati literature.

No items available.

Powered by Koha